000 01233cam a2200361Ia 4500
001 50386
005 20230411090002.0
008 070417s2002 mx b 000 0 spa d
035 _a(OCoLC)ocn123200013
040 _aTHL
_cTHL
020 _a9700734498
020 _a9789700734491
035 _a(OCoLC)123200013
043 _as-bl---
090 _aKGF3053
_b.C37 2002
049 _aGRAL
100 1 _aCarpizo, Jorge.
245 1 3 _aEl voto de los mexicanos en el extranjero /
_cJorge Carpizo, Diego Valadés ; prólogo Héctor Fix-Zamudio.
250 _a3. ed.
260 _aMéxico, D.F. :
_bEditorial Porrúa :
_bUniversidad Nacional Autónoma de México,
_c2002.
300 _a140 p. ;
_c21 cm.
490 1 _aUniversidad Nacional Autónoma de México. Instituto de Investigaciones Jurídicas. Serie E--Varios ;
_vnum. 99
504 _aIncludes bibliographical references (p. 133-137).
650 0 _aAbsentee voting
_zMexico.
650 0 _aMexicans
_xSuffrage
_zForeign countries.
650 0 _aTransnational voting
_zMexico.
650 0 _aElection law
_zMexico.
650 0 _aSuffrage
_zMexico.
700 1 _aValadâes, Diego.
830 0 _aSerie E--Varios ;
_v99.
942 _2lcc
_cbk
994 _aC0
_bDRFGD
999 _c110434
_d110434